Ville de France par lieu - #1 - Statistiques

Statistiques générales
  • Ce quiz a été pris 145 fois
  • Le résultat moyen est 13 sur 40
Statistiques - réponses
Lieux Ville française % Correct
Promenade des Anglais Nice
93%
Place Stanislas Nancy
80%
Palais des ducs de Bourgogne Dijon
75%
Château des ducs de Bretagne Nantes
72%
Stade Geoffroy Guichard Saint-Etienne
63%
Château des ducs d'Anjou Angers
61%
Place de la Comédie Montpellier
56%
Chantiers de l'Atlantique Saint-Nazaire
56%
Boulevard des Pyrénées Pau
43%
Le Lion Belfort
40%
Maison Carrée Nîmes
39%
La Petite France Strasbourg
38%
Place de la Bourse Bordeaux
37%
Imagerie d'... Epinal
37%
Rocher de la Vierge Biarritz
35%
Grand'Place (Place du Général de Gaulle) Lille
31%
Place de Jaude Clermont-Ferrand
28%
Océanopolis Brest
27%
La Cité de ... Carcassonne
27%
Cours Mirabeau Aix-en-Provence
25%
Statue des Bourgeois Calais
25%
Gare des Bénédictins Limoges
25%
Mont Faron Toulon
25%
Nausicaa Boulogne-sur-Mer
22%
Palais Jacques Cœur Bourges
22%
Porte des Allemands Metz
22%
Les Hortillonnages Amiens
19%
Abbaye aux Hommes Caen
17%
Fort de la Bastille Grenoble
17%
Pont Valentré Cahors
16%
Cité du Train Mulhouse
13%
Petite Venise de ... Colmar
12%
Jardins du Thabor Rennes
12%
Cité de la Mer Cherbourg-en-Cotentin
11%
Le Volcan Le Havre
10%
Ange au Sourire Reims
9%
Kiosque Peynet Valence
5%
Cathédrale Saint-Julien Le Mans
4%
Cathédrale Saint-Gatien Tours
4%
Cathédrale Sainte-Croix Orléans
3%
Aucun quiz correspondant
Distribution des résultats
% des personnes avec chaque résultat
Percentile par nombre de réponses
Votre historique - résultats
Vous n’avez pas pris ce quiz